Haz clic en los países de África Oriental en un mapa - Estadísticas

Estadísticas generales
  • Esta prueba ha sido intentada 69 veces
  • La puntuación promedio es 16 de 20
Respuestas en el mapa
Las respuestas están codificadas por una escala verde-roja en el mapa de la prueba según el % correcto abajo.
 
Estadísticas de respuestas
Respuesta % Correcto
Etiopía
96%
Madagascar
94%
Comoras
89%
Somalia
87%
Sudán del Sur
87%
Eritrea
85%
Mozambique
85%
Burundi
83%
Malaui
83%
Seychelles
83%
Yibuti
83%
Zambia
83%
Zimbabue
83%
Kenia
81%
Tanzania
81%
Ruanda
79%
Uganda
74%
Reunión (Francia)
68%
Mauricio
64%
Mayotte (Francia)
60%
No se encontraron pruebas coincidentes
Distribución de puntuación
Porcentaje de gente con cada puntuación
Porcentaje por número respondido
Historial de tus puntuaciones
No has intentado esta prueba.